00517 2200193 4500001002100000005001500021035002000036007000300056008004100059020001800100082001100118084001700129100002000146245004500166260003800211300004300249650001500292990001600307INLIS00000000000013920231013025612 a0010-1023000075ta231013 g 0 ind  a979-489-375-7 a636.52 a636.52 BAM a0 aBambang Suharto1 aAgribisnis Ayam Buras /cBambang Suharto aJakarta :bPenebar Swadaya,c1996 avi, 101 hlm, :bilus, ;c14 cm x 21 cm 4aAyam Buras a00000000145